00425pab a2200157 454500008004000000100002000040245006400060260000900124300001500133362000800148650002500156650001400181700001900195700001800214773003500232180718b2015 xxu||||| |||| 00| 0 eng d aHoddinott, John aCows, Missing Milk Markets, and Nutrition in Rural Ethiopia c2015 ap.958-975. aAug aNutrition - Ethiopia aNutrition aDereje, Mekdim aHeadey, Derek aJournal of Development Studies